书目信息 |
| 题名: |
学校安全工作
|
|
| 作者: | 马雷军 主编 | |
| 分册: | ||
| 出版信息: | 长春 吉林大学出版社 2011 |
|
| 页数: | 180页 | |
| 开本: | 23cm | |
| 丛书名: | ||
| 单 册: | ||
| 中图分类: | G474 | |
| 科图分类: | ||
| 主题词: | 学校--安全管理 | |
| 电子资源: | ||
| ISBN: | 978-7-5601-7257-6 | |
| 000 | 00731nam0 2200217 450 | |
| 001 | 1794 | |
| 005 | 20180522144423.15 | |
| 010 | @a978-7-5601-7257-6@dCNY30.00 | |
| 100 | @a20120512d2011 ekmy0chiy0121 ea | |
| 101 | 0 | @achi |
| 102 | @aCN@b220000 | |
| 105 | @ay z 000yy | |
| 200 | 1 | @a学校安全工作@9xue xiao an quan gong zuo@f马雷军主编 |
| 210 | @a长春@c吉林大学出版社@d2011 | |
| 215 | @a180页@d23cm | |
| 330 | @a本书针对当前学校的现状,系统、科学地介绍了学校安全工作的主要内容,理论体系完整,既能指导校长、教师为学生构筑起“安全防线”,又能指导学生提高安全意识和自救能力。 | |
| 606 | 0 | @a学校@x安全管理 |
| 690 | @aG474@v4 | |
| 701 | 0 | @a马雷军@9ma lei jun@4主编 |
| 801 | 0 | @aCN@b91MARC@c20130904 |
| 905 | @aMuseLib@dG474@e133 | |
| 学校安全工作/马雷军主编.-长春:吉林大学出版社,2011 |
| 180页;23cm |
| ISBN 978-7-5601-7257-6:CNY30.00 |
| 本书针对当前学校的现状,系统、科学地介绍了学校安全工作的主要内容,理论体系完整,既能指导校长、教师为学生构筑起“安全防线”,又能指导学生提高安全意识和自救能力。 |
| ● |
| 相关链接 |
|
|
|
|
正题名:学校安全工作
索取号:G474/133
 
预约/预借
| 序号 | 登录号 | 条形码 | 馆藏地/架位号 | 状态 | 备注 |
| 1 | 1106613 | 211066139 | 第一样本阅览室/ [索取号:G474/133] | 在馆 | |
| 2 | 1106614 | 211066148 | 教育系资料室/ [索取号:G474/133] | 在馆 | |
| 3 | 1106615 | 211066157 | 教育系资料室/ [索取号:G474/133] | 在馆 | |
| 4 | 1106616 | 211066166 | 教育系资料室/ [索取号:G474/133] | 在馆 | |
| 5 | 1106617 | 211066175 | 第四借阅区/ [索取号:G474/133] | 在馆 | |
| 6 | 1106618 | 211066184 | 第四借阅区/ [索取号:G474/133] | 在馆 |